| 000 | 00384cam a2200157ua 4500 | ||
|---|---|---|---|
| 041 |
_aeng _h |
||
| 082 |
_a828.09 _bBRA/TO |
||
| 100 | _aBrandor, Laurence . | ||
| 245 |
_aTobias smallest / _cLaurence Brandor. _hTextual Documents |
||
| 250 |
_a1 / _b. |
||
| 260 |
_aLondon : _bLongman Green and Co , _c1965. |
||
| 300 | _a36 ; . | ||
| 504 | _a | ||
| 942 | _cBK | ||
| 999 |
_c8621 _d8621 |
||